01213cam a22003497a 4500003000500000005001700005008004100022010000900063011000900072035000900081040000900090082001400099100002900113245003400142260006500176300001900241490003000260590004100290590004100331590004100372590004200413650003700455700001900492700001700511830003700528901000700565942001000572949007000582949005300652999001500705952014300720CHAP20220817040831.0971013s1988 r 00010 d a1119 a2091 a1282 cCHAP a634.3bW400aWhiteside, J. O.9121742 0aCompendium of citrus diseases aSt. Paul, Minn. :bAmerican Phytopathological Society,c1988 a80 p.b: ilus. 0aDisease compendium series aBATCH-UPDb10c20130110lUCH01h1738 aBATCH-UPDb10c20130410lUCH01h1118 aBATCH-UPDb10c20130914lUCH01h0957 aCONVERSIONb10c20130109lUCH01h130214aCítricosxEnfermedades.9244230 aGarnsey, S. M.0 aTimmer, L.W.0 aDisease compendium series932720 aBK cLIBRO a634.3 W4bBCcCd33724000649562eCgI. c/eh78226i1282sit77.50 a634.3 W5bPAcLIBROd-2593eLIBROh1804i1282si c1119d1119 00102ddc4051708CaBCbBCcPA_CONSULTAd2019-12-31eI. c/efLIBROl0o634.3 W4p33724000649562r2019-12-31 00:00:00w2019-12-31yLIBRO